书目信息 |
| 题名: |
杨式太极拳
|
|
| 作者: | 郝明之 主编 | |
| 分册: | ||
| 出版信息: | 济南 齐鲁书社 2009 |
|
| 页数: | 422页 | |
| 开本: | 21cm | |
| 丛书名: | ||
| 单 册: | ||
| 中图分类: | G852.111.9 | |
| 科图分类: | ||
| 主题词: | 太极拳--套路(武术)--图解 , 太极拳 , 套路(武术) | |
| 电子资源: | ||
| ISBN: | 978-7-5333-2188-8 | |
| 000 | 00950nam0 2200265 45 | |
| 001 | 1132066593 | |
| 005 | 20110314091001.65 | |
| 010 | @a978-7-5333-2188-8@dCNY28.00 | |
| 100 | @a20110121d2009 em y0chiy50 ea | |
| 101 | 0 | @achi |
| 102 | @aCN@b370000 | |
| 105 | @aac z 000yy | |
| 106 | @ar | |
| 200 | 1 | @a杨式太极拳@AYang Shi Tai Ji Quan@f郝明之主编@FHao Ming Zhi Zhu Bian |
| 210 | @a济南@c齐鲁书社@d2009 | |
| 215 | @a422页@c肖像@d21cm | |
| 330 | @a杨式太极拳源于河南温县省陈家沟的陈式太极拳,为清代拳师河北永年人杨露禅所创。经其祖孙三代刻苦钻研、反复磨炼,由小架演变出中架、大架,由第三代传人杨澄甫定型。本书内容包括三篇:杨式太极拳概述、杨式太极拳图解、杨式太极拳拳论。 | |
| 606 | 0 | @a太极拳@x套路(武术)@j图解 |
| 606 | 0 | @a太极拳 |
| 606 | 0 | @a套路(武术) |
| 610 | 0 | @a杨式太极拳 |
| 690 | @aG852.111.9@v4 | |
| 701 | 0 | @a郝明之@AHao Ming Zhi@f(1928~)@4主编 |
| 801 | 0 | @aCN@bTANGWEI@c20110314 |
| 905 | @b0532231-34@dG852.111.9@e255@f4 | |
| 杨式太极拳/郝明之主编.-济南:齐鲁书社,2009 |
| 422页:肖像;21cm |
| ISBN 978-7-5333-2188-8:CNY28.00 |
| 杨式太极拳源于河南温县省陈家沟的陈式太极拳,为清代拳师河北永年人杨露禅所创。经其祖孙三代刻苦钻研、反复磨炼,由小架演变出中架、大架,由第三代传人杨澄甫定型。本书内容包括三篇:杨式太极拳概述、杨式太极拳图解、杨式太极拳拳论。 |
| ● |
| 相关链接 |
|
|
|
|
正题名:杨式太极拳
索取号:G852.111.9/255
 
预约/预借
| 序号 | 登录号 | 条形码 | 馆藏地/架位号 | 状态 | 备注 |
| 1 | 0532231 | 205322319 | 第一样本阅览室/ [索取号:G852.111.9/255] | 在馆 | |
| 2 | 0532232 | 205322328 | 第四借阅区/ [索取号:G852.111.9/255] | 在馆 | |
| 3 | 0532233 | 205322337 | 密集书库-体育系/ [索取号:G852.111.9/255] | 在馆 |